| 000 | 00763nam a2200205 a 4500 | ||
|---|---|---|---|
| 001 | 80981 | ||
| 003 | BD-RjUL | ||
| 005 | 20221218143442.0 | ||
| 008 | 22 s1957 pk 000 0 ara d | ||
| 035 | _a(BD-RjUL)80981 | ||
| 040 |
_aUkOxU _cUkOxU _beng |
||
| 041 | _aeng | ||
| 082 |
_223 _a297.5 _bNAH 1957 |
||
| 100 | 1 |
_a Nadwi, Mohamed Abdel-Aleem ندوي, محمد عبد العليم _d1350-1429. _96347 |
|
| 245 | 1 | 3 |
_a حصن حصين مع ترجمه و شرح قول متين hisn husayn mae tarjamih w sharh qawl matin / _cMohamed Abdel Aleem Nadwi محمد عبد العليم ندوي |
| 260 |
_aKarachi : _bNur muhammad asih al mutabii, |
||
| 300 |
_a466 p. ; _c33 cm. |
||
| 650 | 0 |
_aIslam _vPrayers and devotions. _9405 |
|
| 942 |
_2ddc _cBK |
||
| 999 |
_c80981 _d80981 |
||